000 00554nam a22001697a 4500
999 _c40696
_d40696
003 OSt
005 20200606120118.0
008 191030b ||||| |||| 00| 0 eng d
020 _a9788173096501
040 _cMESKC library
082 _a891.43
_bVAA/S
100 _aAjney,Vaatsyayan S H
_995
245 _aSanskriti Ke Bhavnayakon Ki Leelasthali:
_bEk Saanskritik Yatra Vratantra/
_cS H Vaatsyayan Ajney
260 _aNew Delhi:
_bSasta Sahitya Mandal,
_c2012
300 _a142p
942 _2ddc
_cBK
_h891.43
_iVAA/S
_k891.43
_mVAA/S